| Поле | Название | Значение |
| |
Тип записи |
a |
| |
Библиографический уровень |
m |
| 001 |
Контрольный номер |
7f697050e56948f19fbc5f9a49870bd4 |
| 005 |
Дата корректировки |
20140506155413.0 |
| 200 |
Заглавие и сведения об ответственности |
__ |
| a |
Заглавие |
Женщина и визуальные знаки |
| e |
Сведения, относящиеся к заглавию |
Сборник |
| f |
Первые сведения об ответственности |
Под ред. А. Альчук |
| 210 |
Выходные данные |
__ |
| a |
Место издания |
М. |
| c |
Издательство |
Идея-Пресс |
| d |
Дата издания |
2000 |
| 215 |
Физическое описание |
__ |
| a |
Объем |
280 с. |
| c |
Иллюстрации/тип воспроизводства |
илл. |
| 461 |
Уровень набора |
_0 |
| 1 |
|
2001 |
| a |
|
Мегапроект. Фонд Сороса. |
| 606 |
Тематические рубрики |
__ |
| a |
Основная рубрика |
Социология |
| 686 |
Индексы других классификаций |
__ |
| a |
Классификационный индекс |
60.54 |
| 2 |
Код системы |
rubbk |
| 899 |
Данные о местонахождении |
__ |
| j |
Расстановочный фильтр |
60.54 |
| i |
Авторский знак |
Ж 56 |
| 938 |
Служебная информация |
__ |
| a |
Название организации |
Волгоградский филиал |
| b |
Имя БД |
Каталог_ВКИ |
| c |
Название АИБС |
АИБС МАРК-SQL |